Online
Catalog

Las elecciones dominicanas : (Record no. 841)

MARC details
000 -CABECERA
campo de control de longitud fija 01703nam a2200277 a 4500
001 - NÚMERO DE CONTROL
campo de control 000000845
005 - FECHA Y HORA DE LA ÚLTIMA TRANSACCIÓN
campo de control 20260527074040.0
008 - DATOS DE LONGITUD FIJA--INFORMACIÓN GENERAL
campo de control de longitud fija 090529s1995 dr d 000 0 spa d
040 ## - FUENTE DE LA CATALOGACIÓN
Centro catalogador/agencia de origen DO-SdBNP
Lengua de catalogación spa
Centro/agencia transcriptor BNPHU
082 ## - NÚMERO DE LA CLASIFICACIÓN DECIMAL DEWEY
Número de clasificación 324.97293
Número de documento/Ítem R173e
100 1# - ENTRADA PRINCIPAL--NOMBRE DE PERSONA
Nombre de persona Ramírez Morillo, Belarminio,
Fechas asociadas al nombre 1964-
9 (RLIN) 2520
245 14 - MENCIÓN DE TÍTULO
Título Las elecciones dominicanas :
Resto del título del populismo al marketing político /
Mención de responsabilidad, etc. Belarminio Ramírez Morillo ; prólogo Abraham Medina.
260 ## - PUBLICACIÓN, DISTRIBUCIÓN, ETC.
Lugar de publicación, distribución, etc. Santo Domingo :
Nombre del editor, distribuidor, etc. FESJE,
Fecha de publicación, distribución, etc. 1995.
300 ## - DESCRIPCIÓN FÍSICA
Extensión 158 p. :
Otras características físicas gráf. ;
Dimensiones 21 cm.
500 ## - NOTA GENERAL
Nota general Bibliografía : p. 156-158.
505 0# - NOTA DE CONTENIDO CON FORMATO
Nota de contenido con formato Dedicatoria --
Título Prólogo --
-- Introducción --
-- Capítulo I. El papel de las elecciones --
-- Capítulo II. Cultura y persuación política --
-- Capítulo III. Ciclo biológico de una carrera política --
-- Capítulo IV. Razón y pasión en el debate político --
-- Capítulo V. Los programas políticos --
-- Capítulo VI. Las alianzas políticas y electorales --
-- Capítulo VII. La guerra de las encuestas --
-- Capítulo VIII. Resultados elecciones 1994 --
-- Capítulo IX. Breve diccionario político electoral --
-- Bibligrafía.
590 ## - NOTA LOCAL (RLIN)
Nota local Inventariado, 2018/BT
650 #4 - PUNTO DE ACCESO ADICIONAL DE MATERIA--TÉRMINO DE MATERIA
Término de materia o nombre geográfico como elemento de entrada Elecciones
Subdivisión geográfica República Dominicana
Subdivisión general Historia,
Subdivisión cronológica 1982-1990
9 (RLIN) 3001
650 #0 - PUNTO DE ACCESO ADICIONAL DE MATERIA--TÉRMINO DE MATERIA
Término de materia o nombre geográfico como elemento de entrada Partidos políticos
Subdivisión geográfica República Dominicana
9 (RLIN) 285
650 #4 - PUNTO DE ACCESO ADICIONAL DE MATERIA--TÉRMINO DE MATERIA
Término de materia o nombre geográfico como elemento de entrada Campaña electoral
Subdivisión geográfica República Dominicana
9 (RLIN) 3002
651 #4 - PUNTO DE ACCESO ADICIONAL DE MATERIA--NOMBRE GEOGRÁFICO
Nombre geográfico República Dominicana
Subdivisión general Política Y Gobierno
Subdivisión cronológica 1961-
9 (RLIN) 204
651 #4 - PUNTO DE ACCESO ADICIONAL DE MATERIA--NOMBRE GEOGRÁFICO
Nombre geográfico República Dominicana
Subdivisión general Elecciones
Subdivisión cronológica 1982-1990
Subdivisión general Estadísticas
9 (RLIN) 3003
700 12 - PUNTO DE ACCESO ADICIONAL--NOMBRE DE PERSONA
Nombre de persona Medina, Abranam,
Término indicativo de función/relación pról.
9 (RLIN) 3004
710 2# - PUNTO DE ACCESO ADICIONAL--NOMBRE DE ENTIDAD CORPORATIVA
Nombre de entidad corporativa o nombre de jurisdicción como elemento de entrada República Dominicana.
Unidad subordinada Fundación de Estudios Socio Políticos, Jurídicos y Económicos
9 (RLIN) 3005
910 ## - DATOS DE OPCIÓN DEL USUARIO (OCLC)
Datos de opción del usuario Validado. Control de calidad. MFF
Holdings
Estado de retiro Estado de pérdida Restricciones de uso No para préstamo Código de colección Localización permanente Ubicación/localización actual Ubicación en estantería Fecha de adquisición Número de inventario Total de préstamos Signatura topográfica completa Código de barras Fecha visto por última vez Número de copia Precio válido a partir de Tipo de ítem Koha
      Préstamo en sala Dominicana de Servicio Biblioteca Nacional Pedro Henríquez Ureña Biblioteca Nacional Pedro Henríquez Ureña Depósito 28.08.2009 LF1   324.97293 R173e 845-30 25.06.2020 e.3 25.06.2020 Libros y folletos
      Préstamo en sala Dominicana de Servicio Biblioteca Nacional Pedro Henríquez Ureña Biblioteca Nacional Pedro Henríquez Ureña Depósito 28.08.2009 LF1   324.97293 R173e 845-40 25.06.2020 e.4 25.06.2020 Libros y folletos
      Préstamo en sala Dominicana de Servicio Biblioteca Nacional Pedro Henríquez Ureña Biblioteca Nacional Pedro Henríquez Ureña Depósito 04.10.2010 LF1   324.97293 R173e 845-50 25.06.2020 e.5 25.06.2020 Libros y folletos
      Excluido de préstamo Patrimonio Dominicano Patrimonio Dominicano Patrimonio Dominicano Depósito 28.08.2009 LF1   324.97293 R173e 845-10 25.06.2020   25.06.2020 Libro y Folleto Colección Patrimonio Dominicano
      Excluido de préstamo Patrimonio Dominicano Patrimonio Dominicano Patrimonio Dominicano Depósito 28.08.2009 LF1   324.97293 R173e 845-20 25.06.2020 e.2 25.06.2020 Libro y Folleto Colección Patrimonio Dominicano

Powered by Koha